00398nam a22001457a 4500003000400000005001700004008004100021020001800062040000900080082002000089100002200109245006300131260004900194300000900243OSt20210430123234.0210310b ||||| |||| 00| 0 eng d a9780195663594 coclc a297.0954bROB/I aRobinson, Francis aIslam And Muslim History In South Asia /cFrancis Robinson aNew Delhi:bOxford University Press, c2003. a299p